| 000 | 00588nam a2200205Ia 4500 | ||
|---|---|---|---|
| 003 | 0100 | ||
| 008 | 130227s9999 xx 000 0 und d | ||
| 040 | _cARRUPELIB | ||
| 050 | _aBV4461.3.W43 2010 | ||
| 100 | _aReinders, Hans S. | ||
| 245 | 4 | _aThe Paradox of Disability | |
| 245 | _bResponses to Jean Vanier and L'Arche Communities from theology and the sciences | ||
| 260 | _aCambridge | ||
| 260 | _bWm.B.Eerdmans Publishing co. | ||
| 260 | _C2010 | ||
| 300 | _aviii | ||
| 300 | _b183p. 23cm. | ||
| 650 | _bLiberation theology- History of doctrines- sources | ||
| 942 |
_2lcc _01 |
||
| 999 |
_c6564 _d6564 |
||